|
|
|
|
| LEADER |
00000nam0a2200000 4500 |
| 001 |
109367 |
| 005 |
20231031120010.0 |
| 035 |
|
|
|a (RuTPU)RU\TPU\book\118076
|
| 090 |
|
|
|a 109367
|
| 100 |
|
|
|a 20070207d1962 km y0rusy50 ca
|
| 101 |
0 |
|
|a rus
|
| 102 |
|
|
|a RU
|
| 105 |
|
|
|a af z 001zy
|
| 200 |
1 |
|
|a Основные черты геологического строения и металлоносности Чукотки
|f С. Ф. Лугов
|
| 210 |
|
|
|a Москва
|c Госгеолтехиздат
|d 1962
|
| 215 |
|
|
|a 237 с.
|c ил.
|e 1 вкл. лист.
|
| 320 |
|
|
|a Литература: с. 217-224.
|
| 610 |
1 |
|
|a геологическое строение
|
| 610 |
1 |
|
|a Чукотка
|
| 610 |
1 |
|
|a геология
|
| 610 |
1 |
|
|a металлогения
|
| 610 |
1 |
|
|a стратиграфия
|
| 610 |
1 |
|
|a докембрий
|
| 610 |
1 |
|
|a палеозой
|
| 610 |
1 |
|
|a мезозой
|
| 610 |
1 |
|
|a Мел
|
| 610 |
1 |
|
|a неоген
|
| 610 |
1 |
|
|a четвертичные отложения
|
| 610 |
1 |
|
|a интрузивные комплексы
|
| 610 |
1 |
|
|a тектоника
|
| 610 |
1 |
|
|a геологическая история
|
| 675 |
|
|
|a 55(с18)
|v 3
|
| 675 |
|
|
|a 553.3/4(с18)
|v 3
|
| 700 |
|
1 |
|a Лугов
|b С. Ф.
|g Сергей Филиппович
|
| 801 |
|
1 |
|a RU
|b 63413507
|c 20070207
|g PSBO
|
| 801 |
|
2 |
|a RU
|b 63413507
|c 20160804
|g PSBO
|
| 942 |
|
|
|c BK
|